01134nab a2200349 uc450000100070000000500170000700800410002403500110006503500210007604000130009704100080011010000350011824500530015365000160020665000280022265000290025065000290027965000230030865000220033165000200035365000210037365000400039465000350043465000360046970000400050570000380054570000420058370000370062577300930066294200100075599900190076580730920240706090025.0030424s1987 spa  a807309 a(OCoLC)820023996 ccomduadb aspa10aCampos, Hugo4auteaut928459310aEstudios limnologicos en el Lago Caburgua, Chile aChile94712 7aLimnología2lemb9984 7aFitoplancton2lemb96114 7aZooplancton2lemb927216 7aLagos2lemb923926 aNutrientes930848 aNitratos928848 aFosfatos9175169 aDisponibilidad de nutrientes982243 aComunidades acuáticas960137 7aNiveles tróficos2lemb97657410aSteffen, Wladimir4auteaut937217910aParra, Oscar O.4auteaut936868510aDominguez, Patricio4auteaut931168010aAguero, Gloria4auteaut93690860 tGayana Botánica (Chile)gVol. 44, No. 01-04, 1987, p. 61-84w802898x0016-53010278252 cARIMP c274658d274658